| 000 | 00761nam a2200229Ia 4500 | ||
|---|---|---|---|
| 008 | 160517s9999 xx 000 0 und d | ||
| 050 | _aPN 4758 | ||
| 050 | _b.Ar658 2016 | ||
| 100 | _aArafiles, Jasher Job G. | ||
| 245 | _aDefokado : | ||
| 245 | _bthe artists behind-the-scene process of a wedding video production from a wedding videographer's perspective / | ||
| 245 | _cJasher J. G. Arafiles, Rienhold Paul C. de Guzman, Catrina Veronica T. Delos Reyes, James Adrian P. Ocampo. | ||
| 260 | _aLas PiƱas, Philippines : | ||
| 260 | _bSISC, | ||
| 260 | _c2016 | ||
| 300 | _a81 pages : | ||
| 300 | _billustrations ; | ||
| 300 | _c28 cm. | ||
| 500 | _aIncludes bibliographical references and appendices. | ||
| 521 | _aMedia Arts | ||
| 942 | _cTH | ||
| 999 |
_c293888 _d293888 |
||